00294nam a2200097Ia 4500008004100000100002400041245006300065260004200128260000900170999001700179170620s9999 xx 000 0 und d aReddy- G. Lokanadha 0aAnti Social Behavior in Students- Detection and management bNew Delhi- Discovery Publishing House c2004 c24294d24294